Human information processing and information systems.
Systém psychologických kognitívnych procesov (vonkajšie podnety, zmyslová, pamäťová a motorická zložka, externá akcia), ktoré sú rozhodujúce pre štúdium informačných systémov. Percepčná deformácia. "Pracujúca" a dlhodobá pamäť, jej charakteristiky a počítačové simulačné modely. Učenie, jeho 3 fázy a...
Uložené v:
| Hlavný autor: | |
|---|---|
| Médium: | Kapitola |
| Jazyk: | English |
| Predmet: | |
| Tagy: |
Žiadne tagy, Buďte prvý, kto otaguje tento záznam!
|
MARC
| LEADER | 00000naa a2200000 4500 | ||
|---|---|---|---|
| 001 | r012927 | ||
| 005 | 20221130111156.9 | ||
| 041 | 0 | |a eng | |
| 044 | |a CZ | ||
| 245 | 1 | 0 | |a Human information processing and information systems. |c I. Getz |
| 520 | |a Systém psychologických kognitívnych procesov (vonkajšie podnety, zmyslová, pamäťová a motorická zložka, externá akcia), ktoré sú rozhodujúce pre štúdium informačných systémov. Percepčná deformácia. "Pracujúca" a dlhodobá pamäť, jej charakteristiky a počítačové simulačné modely. Učenie, jeho 3 fázy a simulačný model. Kognitívne procesy a tvorba informačného systému slúžiaceho na podporu rozhodovania. DSS. | ||
| 610 | 2 | 0 | |a psychológia |
| 610 | 2 | 0 | |a správanie |
| 610 | 2 | 0 | |a systémy informačné |
| 610 | 2 | 0 | |a systémy podporné rozhodovacie |
| 610 | 2 | 0 | |a modely |
| 610 | 2 | 0 | |a modelovanie |
| 610 | 2 | 0 | |a simulácia |
| 610 | 2 | 0 | |a modely simulačné |
| 610 | 2 | 0 | |a rozhodovanie |
| 610 | 2 | 0 | |a DSS |
| 610 | 2 | 0 | |a človek-počítač |
| 610 | 2 | 0 | |a modely rozhodovania |
| 100 | 1 | |a Getz, I. | |